[Event "37. Torneo Internacional de La Roda"]
[Site "La Roda ESP"]
[Date "2010.03.31"]
[Round "1.2"]
[White "Bruzon Batista, Lazaro"]
[Black "Garcia Ramos, Marcos"]
[Result "1-0"]
[WhiteElo "2641"]
[BlackElo "2051"]
[PlyCount "51"]
[EventDate "2010.03.31"]
[EventType "swiss"]
[EventRounds "9"]
[EventCountry "ESP"]
[Source "lmi"]
[SourceDate "2010.03.31"]

1. d4 Nf6 2. Nf3 g6 3. Nbd2 Bg7 4. e4 d6 5. Bd3 O-O 6. O-O c5 7. c3 Bg4 8. h3
Bxf3 9. Nxf3 Nc6 10. dxc5 dxc5 11. Qe2 Qc7 12. e5 Nd7 13. e6 Nde5 14. exf7+
Nxf7 15. Bc4 Kh8 16. Bxf7 Rxf7 17. Ng5 Rf6 18. Re1 h6 19. Ne6 Qd6 20. Qe5 Rc8
21. Bf4 Rxe6 22. Qxe6 Qxe6 23. Rxe6 g5 24. Be3 b6 25. Rd1 Rc7 26. h4 1-0

[Event "37. Torneo Internacional de La Roda"]
[Site "La Roda ESP"]
[Date "2010.03.31"]
[Round "1.3"]
[White "Gil Quilez, Sonia"]
[Black "Burmakin, Vladimir"]
[Result "1/2-1/2"]
[WhiteElo "2050"]
[BlackElo "2604"]
[PlyCount "100"]
[EventDate "2010.03.31"]
[EventType "swiss"]
[EventRounds "9"]
[EventCountry "ESP"]
[Source "lmi"]
[SourceDate "2010.03.31"]

1. d4 d5 2. c4 e6 3. Nc3 Nf6 4. Bg5 Be7 5. e3 h6 6. Bh4 O-O 7. Nf3 b6 8. Be2
Bb7 9. O-O Nbd7 10. Rc1 c5 11. Ne5 cxd4 12. exd4 dxc4 13. Bxc4 Nxe5 14. dxe5
Nd7 15. Bg3 Bc5 16. Qe2 Qe7 17. Rfd1 Rfd8 18. Ne4 Bxe4 19. Qxe4 Nf8 20. Kh1
Rxd1+ 21. Rxd1 Rd8 22. Rxd8 Qxd8 23. Qd3 Qd4 24. Qxd4 Bxd4 25. b3 g5 26. Bd3 h5
27. h4 gxh4 28. Bxh4 Ng6 29. Bxg6 fxg6 30. f4 Kf7 31. Kh2 Ke8 32. Kg3 Kd7 33.
Kf3 Kc6 34. Ke4 Bc5 35. Kd3 Kd5 36. Bg5 Ba3 37. Bh6 b5 38. Bg5 a5 39. Bd8 a4
40. Bg5 Bf8 41. Bd8 Bh6 42. Ke3 Bf8 43. Kd3 Bc5 44. Bh4 Bg1 45. Bf6 Bh2 46. Bg5
Bg3 47. Ke3 Be1 48. Kd3 Bb4 49. Bd8 Ba3 50. Bf6 Bf8 1/2-1/2

[Event "37. Torneo Internacional de La Roda"]
[Site "La Roda ESP"]
[Date "2010.03.31"]
[Round "1.4"]
[White "Paunovic, Dragan"]
[Black "Aledo Lopez, Angel"]
[Result "1-0"]
[WhiteElo "2551"]
[BlackElo "2049"]
[PlyCount "105"]
[EventDate "2010.03.31"]
[EventType "swiss"]
[EventRounds "9"]
[EventCountry "ESP"]
[Source "lmi"]
[SourceDate "2010.03.31"]

1. c4 Nf6 2. g3 e6 3. Bg2 d5 4. Nf3 Bd6 5. O-O c6 6. d4 O-O 7. Nc3 Nbd7 8. Nd2
Bc7 9. e4 dxe4 10. Ndxe4 e5 11. d5 cxd5 12. Nxf6+ Nxf6 13. Nxd5 Nxd5 14. Bxd5
Qe7 15. Qf3 Bb6 16. Re1 Qf6 17. Qxf6 gxf6 18. Be3 Bxe3 19. Rxe3 Be6 20. Rd1
Bxd5 21. Rxd5 Rfd8 22. Red3 Rxd5 23. Rxd5 Rc8 24. b3 Rc7 25. Kg2 Kf8 26. Rd8+
Kg7 27. g4 f5 28. gxf5 Kf6 29. Rh8 Kg7 30. Ra8 a6 31. Kf3 Rd7 32. c5 Kf6 33.
Rh8 Kxf5 34. Rxh7 Ke6 35. Rh6+ Kf5 36. Rb6 Rc7 37. b4 f6 38. Ke3 a5 39. a3 axb4
40. axb4 Rf7 41. b5 Rc7 42. c6 bxc6 43. Rxc6 Rh7 44. b6 Rh4 45. Kd3 Rb4 46. Kc3
Rb1 47. Kc4 Kg5 48. Kc5 f5 49. Kd6 e4 50. Kc7 f4 51. b7 e3 52. fxe3 fxe3 53.
b8=Q 1-0

[Event "37. Torneo Internacional de La Roda"]
[Site "La Roda ESP"]
[Date "2010.03.31"]
[Round "1.5"]
[White "Gonzalez Terol, Enrique"]
[Black "Almeida Quintana, Omar"]
[Result "0-1"]
[WhiteElo "2049"]
[BlackElo "2540"]
[PlyCount "72"]
[EventDate "2010.03.31"]
[EventType "swiss"]
[EventRounds "9"]
[EventCountry "ESP"]
[Source "lmi"]
[SourceDate "2010.03.31"]

1. c4 g6 2. Nc3 Bg7 3. g3 c5 4. Bg2 Nc6 5. d3 e6 6. e4 Nge7 7. Nge2 O-O 8. O-O
d6 9. Be3 Nd4 10. Qd2 Nec6 11. Bh6 Ne5 12. f3 Bxh6 13. Qxh6 Nxd3 14. Qd2 Nb4
15. Rad1 Nbc6 16. Nb5 e5 17. Nbc3 Be6 18. b3 f6 19. h3 a6 20. Nd5 b5 21. Rc1
Rb8 22. Nxd4 Nxd4 23. Ne3 bxc4 24. Nxc4 Rb4 25. Qd3 Qd7 26. Kh2 Qb5 27. Nb2
Qxd3 28. Nxd3 Rb6 29. Nb2 Rfb8 30. Rf2 a5 31. Bf1 Kg7 32. Kg2 f5 33. Bd3 Bxb3
34. Nc4 Bxc4 35. Bxc4 Rb2 36. Rcf1 Nc2 0-1

[Event "37. Torneo Internacional de La Roda"]
[Site "La Roda ESP"]
[Date "2010.03.31"]
[Round "1.6"]
[White "Rizouk, Aimen"]
[Black "Sanchez Carrasco, Francisco  Javier"]
[Result "0-1"]
[WhiteElo "2540"]
[BlackElo "2045"]
[PlyCount "88"]
[EventDate "2010.03.31"]
[EventType "swiss"]
[EventRounds "9"]
[EventCountry "ESP"]
[Source "lmi"]
[SourceDate "2010.03.31"]

1. e4 c5 2. Nf3 e6 3. d4 cxd4 4. Nxd4 Nf6 5. Nc3 Nc6 6. Ndb5 Bb4 7. a3 Bxc3+ 8.
Nxc3 d5 9. Bd3 dxe4 10. Nxe4 Nxe4 11. Bxe4 Qxd1+ 12. Kxd1 Bd7 13. Be3 b6 14.
Kc1 Rc8 15. b3 Ne7 16. f3 Bc6 17. Bd3 Nd5 18. Bd2 O-O 19. Kb2 Bb7 20. Rhd1 Nf6
21. Re1 Rfd8 22. Rad1 h6 23. Bf1 Rd7 24. Bf4 Rcd8 25. Rxd7 Rxd7 26. c4 Kf8 27.
Kc3 Ke7 28. Bd3 Rd8 29. Rd1 Rc8 30. Kb2 Nd7 31. Bc2 Bc6 32. Bd6+ Kf6 33. h4 h5
34. b4 Ne5 35. Bb3 Ng6 36. g3 e5 37. f4 exf4 38. gxf4 Re8 39. b5 Bf3 40. Kc3
Bxd1 41. Bxd1 Rd8 42. Be5+ Nxe5 43. fxe5+ Kxe5 44. Bxh5 f5 0-1

[Event "37. Torneo Internacional de La Roda"]
[Site "La Roda ESP"]
[Date "2010.03.31"]
[Round "1.8"]
[White "Del Rio De Angelis, Salvador G"]
[Black "Marquez Ortiz De Zarate, Albert"]
[Result "1-0"]
[WhiteElo "2524"]
[BlackElo "2037"]
[PlyCount "53"]
[EventDate "2010.03.31"]
[EventType "swiss"]
[EventRounds "9"]
[EventCountry "ESP"]
[Source "lmi"]
[SourceDate "2010.03.31"]

1. d4 e6 2. c4 Bb4+ 3. Bd2 a5 4. Nf3 Nf6 5. Nc3 d6 6. g3 Nbd7 7. Bg2 Qe7 8. O-O
O-O 9. Rc1 e5 10. Bg5 Bxc3 11. Rxc3 c6 12. Qc2 Re8 13. Re3 h6 14. Bxf6 Qxf6 15.
Qc3 c5 16. dxe5 Nxe5 17. Nd2 Rd8 18. Rd1 Ng4 19. Qxf6 Nxf6 20. Rb3 Ra7 21. Nb1
Bf5 22. Na3 Be4 23. Bxe4 Nxe4 24. Rb6 Ra6 25. Rxb7 Nf6 26. Rb5 Re8 27. Kf1 1-0

[Event "37. Torneo Internacional de La Roda"]
[Site "La Roda ESP"]
[Date "2010.03.31"]
[Round "1.10"]
[White "Gonzalez Vidal, Yuri"]
[Black "Cerrato Torrijos, Maria"]
[Result "1-0"]
[WhiteElo "2512"]
[BlackElo "2031"]
[PlyCount "53"]
[EventDate "2010.03.31"]
[EventType "swiss"]
[EventRounds "9"]
[EventCountry "ESP"]
[Source "lmi"]
[SourceDate "2010.03.31"]

1. e4 c5 2. Nf3 d6 3. d4 cxd4 4. Nxd4 Nf6 5. Nc3 Nc6 6. Be2 g6 7. Be3 Bg7 8.
Qd2 O-O 9. O-O-O Nxd4 10. Bxd4 Be6 11. Kb1 b5 12. Bxb5 Rb8 13. Bd3 Rb4 14. Ne2
Rb7 15. f3 a5 16. Ka1 a4 17. a3 Qb8 18. Rb1 Nd7 19. Bxg7 Kxg7 20. h4 h5 21. g4
hxg4 22. h5 gxf3 23. hxg6 Rh8 24. Nd4 Nc5 25. gxf7 Qf8 26. Nxe6+ Nxe6 27. Qc3+
1-0

[Event "37. Torneo Internacional de La Roda"]
[Site "La Roda ESP"]
[Date "2010.03.31"]
[Round "1.11"]
[White "Machado Hernandez, Junior"]
[Black "Cori Tello, Jorge"]
[Result "0-1"]
[WhiteElo "2019"]
[BlackElo "2500"]
[PlyCount "116"]
[EventDate "2010.03.31"]
[EventType "swiss"]
[EventRounds "9"]
[EventCountry "ESP"]
[Source "lmi"]
[SourceDate "2010.03.31"]

1. e4 e5 2. Bc4 Nf6 3. d3 Be7 4. Nf3 d6 5. Nc3 O-O 6. Be3 a6 7. Bb3 c5 8. Bg5
Nc6 9. Bxf6 Bxf6 10. Nd5 g6 11. h4 h5 12. Qd2 Bg7 13. O-O-O Bg4 14. c3 Bxf3 15.
gxf3 Kh7 16. Kb1 Ne7 17. f4 Bh6 18. Qe2 Nxd5 19. Bxd5 Bxf4 20. Bxb7 Rb8 21. Bd5
Qd7 22. Qc2 Rb6 23. Ka1 Rfb8 24. b3 Kg7 25. Rhg1 Qe7 26. Rh1 Rh8 27. f3 Rbb8
28. Rdg1 Rb6 29. a4 Rbb8 30. Ka2 Rh6 31. Qd1 Rbh8 32. Rg2 g5 33. b4 cxb4 34.
cxb4 Rg6 35. b5 axb5 36. axb5 Rb8 37. hxg5 Qa7+ 38. Kb1 Rxb5+ 39. Rb2 Rxb2+ 40.
Kxb2 Rxg5 41. Qb3 Rg2+ 42. Kb1 Rg1+ 43. Rxg1+ Qxg1+ 44. Ka2 Qa7+ 45. Kb2 h4 46.
Qc2 h3 47. Qc8 Qf2+ 48. Kb3 Qb6+ 49. Ka2 h2 50. Qg4+ Kf8 51. Qh5 Qa7+ 52. Kb3
Ke8 53. Qh8+ Ke7 54. Qh7 Qb8+ 55. Kc2 Qc8+ 56. Kb3 Qf8 57. Kc2 Bh6 58. Bxf7 Qg7
0-1

[Event "37. Torneo Internacional de La Roda"]
[Site "La Roda ESP"]
[Date "2010.03.31"]
[Round "1.12"]
[White "Plaskett, H James"]
[Black "Moreno Simo, Javier"]
[Result "1-0"]
[WhiteElo "2494"]
[BlackElo "2015"]
[PlyCount "103"]
[EventDate "2010.03.31"]
[EventType "swiss"]
[EventRounds "9"]
[EventCountry "ESP"]
[Source "lmi"]
[SourceDate "2010.03.31"]

1. e4 e5 2. Nf3 Nc6 3. Bb5 Bc5 4. c3 Nf6 5. d4 exd4 6. cxd4 Bb4+ 7. Kf1 O-O 8.
d5 Nb8 9. e5 Ne8 10. a3 Be7 11. Nc3 d6 12. Bf4 dxe5 13. Nxe5 Nd7 14. Nf3 Ndf6
15. Qd2 Nd6 16. Bd3 Bf5 17. Re1 Re8 18. Bxf5 Nxf5 19. Qd3 Nd6 20. g3 Qd7 21.
Kg2 a6 22. Ne5 Qf5 23. Qxf5 Nxf5 24. g4 Nd6 25. Re2 Rad8 26. Rhe1 h6 27. Kf3
Nc8 28. Nc4 Bd6 29. Nxd6 cxd6 30. g5 Rxe2 31. Rxe2 Nh5 32. gxh6 Nxf4 33. Kxf4
gxh6 34. Kf5 Kf8 35. Kg4 Ne7 36. h4 Ng8 37. Ne4 Re8 38. Kf3 Rd8 39. Rc2 Ke7 40.
Rc7+ Rd7 41. Rc8 Nf6 42. Ng3 Nxd5 43. Rh8 Rc7 44. Rxh6 Rc2 45. Nf5+ Ke8 46.
Rxd6 Ne7 47. Nxe7 Kxe7 48. Rb6 Rc7 49. Ke4 Kf8 50. Ke5 Kg7 51. f4 Rc5+ 52. Kd4
1-0

[Event "37. Torneo Internacional de La Roda"]
[Site "La Roda ESP"]
[Date "2010.03.31"]
[Round "1.13"]
[White "Iagar, Razvan-Gabriel"]
[Black "Mekhitarian, Krikor Sevag"]
[Result "0-1"]
[WhiteElo "2013"]
[BlackElo "2490"]
[PlyCount "44"]
[EventDate "2010.03.31"]
[EventType "swiss"]
[EventRounds "9"]
[EventCountry "ESP"]
[Source "lmi"]
[SourceDate "2010.03.31"]

1. d4 Nf6 2. c4 g6 3. Nf3 Bg7 4. Nc3 d5 5. e3 O-O 6. Be2 c5 7. dxc5 dxc4 8.
Qxd8 Rxd8 9. Bxc4 Nbd7 10. Ke2 Nxc5 11. Ne5 e6 12. Nd3 Nce4 13. Nxe4 Nxe4 14.
f3 Nd6 15. Bb3 b6 16. Nb4 Bb7 17. a4 a5 18. Na2 Ba6+ 19. Kf2 Rac8 20. Rd1 Bc4
21. Bxc4 Rxc4 22. Nc3 Bxc3 0-1

[Event "37. Torneo Internacional de La Roda"]
[Site "La Roda ESP"]
[Date "2010.03.31"]
[Round "1.14"]
[White "Diamant, Andre"]
[Black "Lopez Alaya, Carlos"]
[Result "1-0"]
[WhiteElo "2486"]
[BlackElo "2012"]
[PlyCount "57"]
[EventDate "2010.03.31"]
[EventType "swiss"]
[EventRounds "9"]
[EventCountry "ESP"]
[Source "lmi"]
[SourceDate "2010.03.31"]

1. e4 a6 2. d4 b5 3. Bd3 e6 4. Nf3 Bb7 5. O-O Ne7 6. c3 Ng6 7. Re1 Be7 8. Nbd2
d6 9. a4 Qd7 10. axb5 axb5 11. Rxa8 Bxa8 12. Qb3 c6 13. c4 b4 14. Qxb4 O-O 15.
Qc3 Qa7 16. Nf1 Nd7 17. Bd2 Rb8 18. b4 Bf6 19. Ra1 Qb6 20. c5 dxc5 21. bxc5
Nxc5 22. Rb1 Nb3 23. Be3 c5 24. N1d2 cxd4 25. Bxd4 Bxd4 26. Nxd4 Rd8 27. N4xb3
Nf4 28. Bf1 Qd6 29. Qe3 1-0

[Event "37. Torneo Internacional de La Roda"]
[Site "La Roda ESP"]
[Date "2010.03.31"]
[Round "1.15"]
[White "Gonzalez Berruga, Ana Isabel"]
[Black "Larino Nieto, David"]
[Result "0-1"]
[WhiteElo "2007"]
[BlackElo "2462"]
[PlyCount "106"]
[EventDate "2010.03.31"]
[EventType "swiss"]
[EventRounds "9"]
[EventCountry "ESP"]
[Source "lmi"]
[SourceDate "2010.03.31"]

1. d4 Nf6 2. c4 e6 3. Nf3 Bb4+ 4. Bd2 a5 5. Qc2 d6 6. e3 b6 7. a3 Bxd2+ 8.
Nbxd2 Nbd7 9. Bd3 Bb7 10. O-O Qe7 11. b4 c5 12. bxc5 dxc5 13. h3 O-O 14. Ne5 g6
15. Ndf3 Rac8 16. Rfc1 cxd4 17. exd4 Rfd8 18. Qb2 Ba8 19. Qe2 Nxe5 20. Qxe5
Bxf3 21. gxf3 Nh5 22. d5 Qd6 23. Qxd6 Rxd6 24. dxe6 Rxe6 25. Bf1 Rc5 26. Rab1
Nf4 27. Kh2 g5 28. Rb5 Kg7 29. Rcb1 Rxb5 30. Rxb5 Re1 31. Bg2 h6 32. Rxb6 Re2
33. Kg1 Ra2 34. Rb3 a4 35. Re3 Ra1+ 36. Kh2 Rc1 37. c5 Ne6 38. c6 Rc2 39. f4
gxf4 40. Rd3 Rxf2 41. Rc3 Rb2 42. Kg1 f3 43. Rxf3 Rb3 44. Rxb3 axb3 45. Be4 Kf6
46. Kf2 Ke5 47. Ke3 b2 48. Bb1 f5 49. Kd2 f4 50. a4 Kd6 51. Kc3 Nc5 52. Kxb2 f3
53. Ba2 Nd3+ 0-1

[Event "37. Torneo Internacional de La Roda"]
[Site "La Roda ESP"]
[Date "2010.03.31"]
[Round "1.16"]
[White "Aloma Vidal, Robert"]
[Black "Gonzalez Trigal, Jose Luis"]
[Result "1-0"]
[WhiteElo "2462"]
[BlackElo "2002"]
[PlyCount "133"]
[EventDate "2010.03.31"]
[EventType "swiss"]
[EventRounds "9"]
[EventCountry "ESP"]
[Source "lmi"]
[SourceDate "2010.03.31"]

1. d4 d5 2. c4 c6 3. Nf3 Nf6 4. Nc3 dxc4 5. a4 Bf5 6. Ne5 e6 7. f3 Bb4 8. e4
Bxe4 9. fxe4 Nxe4 10. Bd2 Qxd4 11. Nxe4 Qxe4+ 12. Qe2 Bxd2+ 13. Kxd2 Qd4+ 14.
Kc2 Nd7 15. Nxc4 Nb6 16. Rd1 Qxc4+ 17. Qxc4 Nxc4 18. Bxc4 Ke7 19. Rd3 Rad8 20.
Rg3 g6 21. Kc3 Rd6 22. h4 h5 23. Rf1 Re8 24. a5 Rdd8 25. a6 b6 26. b4 Rd6 27.
Bb3 c5 28. Rf4 Rc8 29. Re3 cxb4+ 30. Kxb4 Rc5 31. g4 hxg4 32. Rxg4 Ra5 33. Bc4
Rc5 34. Rf3 Rd1 35. Bb3 Rd6 36. Rh3 Rd8 37. Rf4 Ra5 38. Rc3 Rxa6 39. Rc7+ Rd7
40. Rxd7+ Kxd7 41. Rxf7+ Ke8 42. Rf6 b5 43. Rxg6 Rb6 44. h5 Kf7 45. Rg3 Rb8 46.
Bc2 Rh8 47. Bg6+ Kg7 48. Ra3 Ra8 49. Ra6 Kh6 50. Kxb5 Rb8+ 51. Kc5 Rb7 52. Rxe6
Rg7 53. Kd5 Rf7 54. Ke5 Rb7 55. Ra6 Re7+ 56. Kf5 Rb7 57. Bf7+ Kh7 58. Bd5 Rc7
59. Be4 Kg7 60. Kg5 Re7 61. Bf5 Rb7 62. Rc6 Rb8 63. Rc7+ Kh8 64. Be6 Re8 65.
Kf6 a5 66. Bc4 a4 67. Kg6 1-0

[Event "37. Torneo Internacional de La Roda"]
[Site "La Roda ESP"]
[Date "2010.03.31"]
[Round "1.17"]
[White "Picazo Lopez, Ignacio"]
[Black "Llorente Zaro, Alfonso"]
[Result "0-1"]
[WhiteElo "2001"]
[BlackElo "2456"]
[PlyCount "54"]
[EventDate "2010.03.31"]
[EventType "swiss"]
[EventRounds "9"]
[EventCountry "ESP"]
[Source "lmi"]
[SourceDate "2010.03.31"]

1. e4 b6 2. d4 Bb7 3. Bd3 e6 4. Nc3 d6 5. f4 Nf6 6. Nf3 c5 7. e5 cxd4 8. Nb5
dxe5 9. fxe5 Nd5 10. Nbxd4 Bc5 11. c3 Nc6 12. Nxc6 Bxc6 13. Nd4 Bxd4 14. cxd4
Qh4+ 15. Kf1 Qxd4 16. Qe2 Nf4 17. Bxf4 Qxf4+ 18. Ke1 Rd8 19. Rd1 Rd5 20. Rf1
Qb4+ 21. Rd2 O-O 22. a3 Qh4+ 23. Kd1 Qg5 24. Qe4 g6 25. Re1 Rfd8 26. h4 Qh5+
27. Kc1 Rc5+ 0-1

[Event "37. Torneo Internacional de La Roda"]
[Site "La Roda ESP"]
[Date "2010.03.31"]
[Round "1.19"]
[White "Sanchez Delgado, Lidia"]
[Black "Suba, Mihai"]
[Result "0-1"]
[WhiteElo "1994"]
[BlackElo "2451"]
[PlyCount "62"]
[EventDate "2010.03.31"]
[EventType "swiss"]
[EventRounds "9"]
[EventCountry "ESP"]
[Source "lmi"]
[SourceDate "2010.03.31"]

1. e4 c5 2. Nf3 d6 3. d4 Nf6 4. Nc3 cxd4 5. Nxd4 e6 6. Bg5 Be7 7. f4 Nc6 8. Nb3
a6 9. Bd3 h6 10. Bxf6 Bxf6 11. O-O O-O 12. Qf3 b5 13. e5 Qb6+ 14. Kh1 dxe5 15.
Qe4 g6 16. fxe5 Bg7 17. Rac1 Ra7 18. a4 Nxe5 19. axb5 Nxd3 20. Qxd3 Rd7 21. Qc4
axb5 22. Qb4 Rc7 23. Rcd1 Rc4 24. Qe7 Qc7 25. Qxc7 Rxc7 26. Rd2 Bxc3 27. bxc3
Rxc3 28. Rf4 e5 29. Rb4 Bf5 30. Na1 Ra8 31. Rb1 b4 0-1

[Event "37. Torneo Internacional de La Roda"]
[Site "La Roda ESP"]
[Date "2010.03.31"]
[Round "1.20"]
[White "Monroy, Charles"]
[Black "Martinez Maestro, Jose Angel"]
[Result "1-0"]
[WhiteElo "2449"]
[BlackElo "1986"]
[PlyCount "61"]
[EventDate "2010.03.31"]
[EventType "swiss"]
[EventRounds "9"]
[EventCountry "ESP"]
[Source "lmi"]
[SourceDate "2010.03.31"]

1. Nf3 Nf6 2. c4 g6 3. Nc3 Bg7 4. e4 d6 5. d4 O-O 6. h3 e5 7. d5 a5 8. Bg5 Nbd7
9. Nd2 h6 10. Be3 Ne8 11. g4 Nc5 12. Rg1 Kh7 13. Qc2 Bd7 14. O-O-O Bf6 15. Nf3
a4 16. g5 hxg5 17. Nxg5+ Kg7 18. Be2 Rh8 19. Rg3 a3 20. b3 Ra6 21. Rdg1 Qe7 22.
Qd2 Rb6 23. Kc2 c6 24. Rd1 Rb4 25. dxc6 bxc6 26. Bxc5 Bxg5 27. Qxg5 Qxg5 28.
Rxg5 dxc5 29. Rxd7 Rxh3 30. Rxe5 Nf6 31. Rc7 1-0

[Event "37. Torneo Internacional de La Roda"]
[Site "La Roda ESP"]
[Date "2010.03.31"]
[Round "1.21"]
[White "Cucarella Montell, Angels"]
[Black "Granero Roca, Antonio"]
[Result "0-1"]
[WhiteElo "1983"]
[BlackElo "2447"]
[PlyCount "48"]
[EventDate "2010.03.31"]
[EventType "swiss"]
[EventRounds "9"]
[EventCountry "ESP"]
[Source "lmi"]
[SourceDate "2010.03.31"]

1. e4 c6 2. Nc3 d5 3. Qf3 e6 4. Qg3 Nd7 5. d4 Ne7 6. Bg5 h6 7. Bd2 dxe4 8. Nxe4
Nf5 9. Qc3 Be7 10. O-O-O Nb6 11. Nf3 Qd5 12. Nc5 Qxa2 13. b3 Nd5 14. Qb2 Qxb2+
15. Kxb2 Nxd4 16. Nxd4 Bxc5 17. Ba5 Bb6 18. Be1 e5 19. Nf3 f6 20. c4 Nf4 21. h3
O-O 22. g3 Ne6 23. b4 c5 24. Bg2 Rd8 0-1

[Event "37. Torneo Internacional de La Roda"]
[Site "La Roda ESP"]
[Date "2010.03.31"]
[Round "1.22"]
[White "Vidarte Morales, Arturo"]
[Black "Redondo Flores, David"]
[Result "1-0"]
[WhiteElo "2438"]
[BlackElo "1983"]
[PlyCount "51"]
[EventDate "2010.03.31"]
[EventType "swiss"]
[EventRounds "9"]
[EventCountry "ESP"]
[Source "lmi"]
[SourceDate "2010.03.31"]

1. c4 f5 2. Nc3 Nf6 3. g3 g6 4. Bg2 Bg7 5. d4 d6 6. d5 O-O 7. Nh3 c6 8. Nf4 e5
9. dxe6 Qe7 10. O-O g5 11. Nd3 h6 12. e4 fxe4 13. Nxe4 Nxe4 14. Bxe4 Bxe6 15.
f4 Nd7 16. Re1 Qf7 17. fxg5 hxg5 18. Bxg5 Bd4+ 19. Kh1 Bf5 20. Nf4 Bxb2 21. Rb1
Qg7 22. Qxd6 Bxe4+ 23. Rxe4 Be5 24. Qe6+ Kh7 25. Rxb7 Qxg5 26. Rxe5 1-0

[Event "37. Torneo Internacional de La Roda"]
[Site "La Roda ESP"]
[Date "2010.03.31"]
[Round "1.23"]
[White "Boulan, Laura"]
[Black "Cori Tello, Deysi"]
[Result "0-1"]
[WhiteElo "1977"]
[BlackElo "2434"]
[PlyCount "94"]
[EventDate "2010.03.31"]
[EventType "swiss"]
[EventRounds "9"]
[EventCountry "ESP"]
[Source "lmi"]
[SourceDate "2010.03.31"]

1. Nf3 Nf6 2. c4 e6 3. g3 d5 4. Bg2 Bd6 5. O-O O-O 6. b3 Qe7 7. Bb2 Rd8 8. d3
dxc4 9. bxc4 e5 10. Nc3 c6 11. Rb1 Na6 12. Nd2 Bc7 13. Ba1 Rb8 14. Qa4 Bf5 15.
Nde4 Nxe4 16. Nxe4 f6 17. Bb2 Bxe4 18. Bxe4 Nc5 19. Ba3 Bd6 20. Bxc5 Bxc5 21.
Qc2 g6 22. Rb3 Rd6 23. Bg2 Rbd8 24. Rfb1 b6 25. a4 f5 26. e3 a5 27. Rd1 Qg5 28.
Qe2 Qf6 29. Kh1 Rf8 30. Qb2 Rfd8 31. Qe2 Kg7 32. Qb2 h5 33. h4 Re6 34. Bh3 Red6
35. Kh2 Kf7 36. Rd2 Re8 37. Kg2 Qd8 38. Qc2 f4 39. gxf4 Qxh4 40. fxe5 Rxe5 41.
d4 Rg5+ 42. Kh2 Bb4 43. Re2 Kg7 44. Qb2 Kh7 45. e4 Qf4+ 46. Kh1 Rxd4 47. Qc2
Bd6 0-1

[Event "37. Torneo Internacional de La Roda"]
[Site "La Roda ESP"]
[Date "2010.03.31"]
[Round "1.24"]
[White "Guerra Bastida, Diego"]
[Black "Gonzalez Lopez, Julian"]
[Result "1-0"]
[WhiteElo "2432"]
[BlackElo "1975"]
[PlyCount "73"]
[EventDate "2010.03.31"]
[EventType "swiss"]
[EventRounds "9"]
[EventCountry "ESP"]
[Source "lmi"]
[SourceDate "2010.03.31"]

1. e4 e6 2. d4 c5 3. c3 Nc6 4. Nf3 cxd4 5. cxd4 d6 6. Nc3 Nf6 7. Bd3 Be7 8. O-O
O-O 9. Re1 e5 10. d5 Nb8 11. h3 b6 12. b4 Nbd7 13. Be3 Ne8 14. a4 a6 15. Rc1 g6
16. Ne2 f5 17. exf5 gxf5 18. Bh6 Rf6 19. Bg5 e4 20. Ned4 Ne5 21. Nxe5 dxe5 22.
Bxf6 exd4 23. Bxd4 exd3 24. Qxd3 Bd6 25. Bb2 Ng7 26. Qd4 Bf8 27. Re3 Ra7 28. a5
Rd7 29. axb6 Bb7 30. Rg3 Qe7 31. Rc7 Rxc7 32. bxc7 Qxc7 33. d6 Qd7 34. Qc4+ Qf7
35. Qxf7+ Kxf7 36. Bxg7 Bxd6 37. Rd3 1-0

[Event "37. Torneo Internacional de La Roda"]
[Site "La Roda ESP"]
[Date "2010.04.01"]
[Round "2.2"]
[White "Serna Lara, Sergio"]
[Black "Bruzon Batista, Lazaro"]
[Result "0-1"]
[WhiteElo "2263"]
[BlackElo "2641"]
[PlyCount "74"]
[EventDate "2010.03.31"]
[EventType "swiss"]
[EventRounds "9"]
[EventCountry "ESP"]
[Source "lmi"]
[SourceDate "2010.03.31"]

1. Nf3 Nf6 2. c4 g6 3. Nc3 Bg7 4. e4 d6 5. d4 O-O 6. Be2 Nbd7 7. O-O e5 8. Qc2
Nh5 9. Rd1 Nf4 10. Bf1 c5 11. dxe5 dxe5 12. Nd5 Ne6 13. Bd3 Re8 14. Bd2 b6 15.
Re1 Bb7 16. a3 Rc8 17. Qd1 Nb8 18. Bc2 Nc6 19. Ba4 Rf8 20. Bc3 f6 21. Qe2 Rf7
22. Rad1 Ncd4 23. Nxd4 cxd4 24. Bd2 f5 25. Bc2 b5 26. b3 fxe4 27. Bxe4 Nc5 28.
Bc2 e4 29. Bxe4 Nxb3 30. Bb4 Kh8 31. Nc3 bxc4 32. Bxb7 Rxb7 33. Ne4 Rd7 34. Qg4
a5 35. Bd6 c3 36. Ng5 c2 37. Qh4 h6 0-1

[Event "37. Torneo Internacional de La Roda"]
[Site "La Roda ESP"]
[Date "2010.04.01"]
[Round "2.3"]
[White "Santos Jose, Alves"]
[Black "Paunovic, Dragan"]
[Result "0-1"]
[WhiteElo "2246"]
[BlackElo "2551"]
[PlyCount "110"]
[EventDate "2010.03.31"]
[EventType "swiss"]
[EventRounds "9"]
[EventCountry "ESP"]
[Source "lmi"]
[SourceDate "2010.03.31"]

1. e4 c5 2. c3 d5 3. exd5 Qxd5 4. d4 Nf6 5. Nf3 Bg4 6. dxc5 Qxc5 7. Be3 Qc7 8.
Na3 a6 9. h3 Bxf3 10. Qxf3 Nbd7 11. Nc4 e5 12. Be2 Bc5 13. Bxc5 Nxc5 14. b4
Ncd7 15. Qxb7 Qxb7 16. Nd6+ Ke7 17. Nxb7 Rhc8 18. Rc1 Nd5 19. Bg4 Rxc3 20. Rxc3
Nxc3 21. Bxd7 Kxd7 22. a3 Kc6 23. Kd2 Nb5 24. Na5+ Kd5 25. a4 Nd6 26. Rc1 Rc8
27. Rxc8 Nxc8 28. Kc3 Nb6 29. Kb3 e4 30. Nb7 Nd7 31. Kc3 f5 32. Na5 Nb6 33. Kb3
f4 34. Nb7 e3 35. fxe3 fxe3 36. Nc5 e2 37. Nd3 Kd4 38. Ne1 Ke3 39. a5 Nc8 40.
Kc4 Kf2 41. Nd3+ Kxg2 42. Kc5 Kf1 43. b5 axb5 44. Kxb5 g5 45. Kc6 h5 46. Kb7
Nd6+ 47. Kc7 Nc4 48. a6 Nb2 49. a7 Nxd3 50. a8=Q e1=Q 51. Qf3+ Nf2 52. Qxh5 Qe3
53. Kb7 Nxh3 54. Qd1+ Kf2 55. Qc2+ Kg3 0-1

[Event "37. Torneo Internacional de La Roda"]
[Site "La Roda ESP"]
[Date "2010.04.01"]
[Round "2.4"]
[White "Almeida Quintana, Omar"]
[Black "Jimenez Martinez, Jose Vicente"]
[Result "1-0"]
[WhiteElo "2540"]
[BlackElo "2241"]
[PlyCount "69"]
[EventDate "2010.03.31"]
[EventType "swiss"]
[EventRounds "9"]
[EventCountry "ESP"]
[Source "lmi"]
[SourceDate "2010.03.31"]

1. d4 g6 2. c4 Bg7 3. Nc3 d6 4. e4 Nf6 5. f3 O-O 6. Bg5 c5 7. d5 e6 8. Qd2 exd5
9. Nxd5 Be6 10. Nc3 Nc6 11. O-O-O Qa5 12. Kb1 a6 13. Bh6 Rfd8 14. Bxg7 Kxg7 15.
h4 h5 16. Nh3 b5 17. Nf4 b4 18. Ncd5 Bxd5 19. Nxd5 Nxd5 20. Qxd5 Qc7 21. f4 Nd4
22. g4 hxg4 23. h5 Rh8 24. Qg5 Rag8 25. Bd3 Qd8 26. Qxg4 Qf6 27. Rdf1 a5 28. e5
dxe5 29. fxe5 Qxe5 30. Bxg6 f6 31. h6+ Kf8 32. Qc8+ Ke7 33. Qb7+ Kd8 34. Rh5 f5
35. Bxf5 1-0